000 00835nam a2200253Ia 4500
003 OSt
005 20221005101746.0
006 a|||||r|||| 00| 0
007 ta
008 221004b |||||||| |||| 00| 0 eng d
020 _a9780817309732 (pbk)
_c2201.15
024 _a19195
037 _b43731, 26/03/2015, Segment Book Distributors
_cTextual
040 _aCRL
_cCRL
_beng
041 _2eng
_aeng
082 _aO111,1:g(R2), N9
100 _aDuplessis Rachel Blau Ed.
_9338744
245 0 _aObjectivist nexus
_b Essays in cultural poetics
260 _aTuscaloosa
_bUniversity of Alabama Press
_c1999
300 _a380p.
_ccm.
650 _aENGLISH LITERATURE
942 _hO111,1:g(R2), N9
_cTEXL
_2cc
999 _c1007335
_d1007335